000 00696nam a22002297a 4500
003 OSt
005 20210426125251.0
008 210201s1967 ||||| |||| 00| 0 eng d
040 _aeng
_beng
_cDLC
041 _aeng
080 _a92
_bR-95
100 _9739
_aRussell, Bertrand
245 _aThe Autobiography of Bertrand Russell 1872-1914
_c/ by: Little, Brown and Company / An Atlantic Monthly Press Book
250 _a1st American edition
260 _aBoston
_b Little, Brown and Company
_c1967
300 _a356 p.
_bill.
650 0 _9237
_aBiography
650 0 _9282
_aPhilosophy
653 _aბიოგრაფია
653 _aფილოსოფია
942 _2udc
_cBK
_e1
999 _c1085
_d1085